000
00273nam a2200109Ia 4500
008
220204s9999 xx 000 0 und d
082
_a
658.3.05
_b
HIL
100
_a
Hilton, Anthony
245
0
_a
Employee reports
260
_a
Cambridge
_b
Woodhead-Faulkner
_c
1978
942
_c
BK
999
_c
37055
_d
37055